00951 2200337 4500001002100000005001500021035002000036007000300056008004100059040001700100100001900117245006200136250001200198300003100210020002200241041000800263082001100271084001700282090002300299260003900322260004100361650001000402700002900412850001000441264004100451990002400492990002400516990002400540990002500564990002400589INLIS00000000000259420260601020150 a0010-0320000014ta260601 1  aSBPUPADbind0 aKendaree Blake1 aOne Dark Throne /cKendaree Blk;,penerjemah,Mery Riansyah a.-Cet.1 a470 hlm. :bilus. ;c19 cm a978-602-214-016-00 aind a808.83 a808.83 KEN o a808.83 KEN o L24-3 a.--Jakarta :bPuspa Populer,c2018 a,--Jakarta; :bPuspa Populer;,c2018 4aNovel0 apenerjemah,Mery Riansyah aPUPAD 0a,--Jakarta; :bPuspa Populer;,c2018 a33.418/DAK/DPK/2019 a33.415/DAK/DPK/2019 a33.416/DAK/DPK/2019 a33.416a/DAK/DPK/2019 a33.417/DAK/DPK/2019